[Event "C.to Europeo U18 femminile"]
[Site "Fermo ITA"]
[Date "2009.09.01"]
[Round "2"]
[White "Dorici, Alice"]
[Black "Jorgensen, Line Jin"]
[Result "0-1"]
[WhiteElo "1528"]
[BlackElo "1924"]
[PlyCount "78"]
[EventDate "2009.08.31"]

1. e4 e5 2. Nf3 Nc6 3. Bc4 Bc5 4. c3 Nf6 5. d3 d6 6. h3 a6 7. Bg5 h6 8. Bh4 O-O
9. Nbd2 Na5 10. O-O Nxc4 11. Nxc4 Be6 12. Ne3 Qc8 13. Nh2 g5 14. Bg3 Bb6 15.
Qf3 Kg7 16. Nhg4 Nxg4 17. Nxg4 f5 18. exf5 Bxf5 19. Qe2 Qe6 20. Rfe1 Rae8 21.
Ne3 Bg6 22. a4 Qf7 23. f3 Bh5 24. Bf2 Qd7 25. g4 Bg6 26. Nd5 Bxf2+ 27. Kxf2 Qf7
28. c4 e4 29. Qe3 Qxf3+ 30. Qxf3 Rxf3+ 31. Kg2 Rxd3 32. Nxc7 Rc8 33. Nd5 Rxc4
34. Ne3 Rd2+ 35. Kf1 Rb4 36. Rad1 Rbxb2 37. Rxd2 Rxd2 38. Nc4 Rd4 39. Ne3 Rxa4
0-1

[Event "C.to Europeo U18 femminile"]
[Site "Fermo ITA"]
[Date "2009.09.01"]
[Round "2"]
[White "Eric, Jovana"]
[Black "Paikidze, Nazi"]
[Result "1/2-1/2"]
[WhiteElo "2137"]
[BlackElo "2298"]
[PlyCount "73"]
[EventDate "2009.08.31"]

1. e4 c6 2. d4 d5 3. Nc3 dxe4 4. Nxe4 Bf5 5. Ng3 Bg6 6. N1e2 Nf6 7. Nf4 e5 8.
Nxg6 hxg6 9. dxe5 Qa5+ 10. Bd2 Qxe5+ 11. Qe2 Qxe2+ 12. Bxe2 Nbd7 13. O-O-O Bc5
14. f4 O-O 15. Bf3 Rfe8 16. f5 gxf5 17. Nxf5 g6 18. Nh6+ Kf8 19. Rhf1 Be3 20.
Bxe3 Rxe3 21. g4 Re7 22. h4 Ng8 23. Nxg8 Kxg8 24. g5 Ne5 25. Be2 Kg7 26. Rf4
Rae8 27. Rdf1 Rd8 28. Bd1 Rd5 29. b3 Nd7 30. Bg4 Nc5 31. Be2 Rde5 32. Bc4 Ne6
33. Bxe6 R5xe6 34. Kb2 Re4 35. R1f2 Kf8 36. R2f3 Ke8 37. Rf2 1/2-1/2

[Event "C.to Europeo U18 femminile"]
[Site "Fermo ITA"]
[Date "2009.09.01"]
[Round "2"]
[White "Girya, Olga"]
[Black "Homiakova, Elena"]
[Result "1-0"]
[WhiteElo "2266"]
[BlackElo "2123"]
[PlyCount "77"]
[EventDate "2009.08.31"]

1. d4 Nf6 2. c4 c5 3. d5 b5 4. cxb5 a6 5. b6 d6 6. Nc3 Nbd7 7. a4 a5 8. e4 g6
9. Nf3 Bg7 10. Bb5 O-O 11. O-O Nxb6 12. Re1 Bd7 13. Qc2 Ne8 14. Bxd7 Nxd7 15.
Nb5 Nc7 16. Na3 Rb8 17. Nc4 Na6 18. Bg5 Nb6 19. Nxa5 Nxd5 20. exd5 Rxb2 21. Qd1
Qxa5 22. Bxe7 c4 23. Bxf8 Bxf8 24. Qd4 c3 25. Rac1 Rb3 26. Ng5 Qc5 27. Qh4 h6
28. Ne4 Qb4 29. Qd8 Kg7 30. Qf6+ Kg8 31. Nxc3 Nc5 32. Re8 Nd7 33. Qf3 Qa3 34.
Qe3 Nf6 35. Rxf8+ Kxf8 36. Qxh6+ Ke7 37. Re1+ Kd7 38. Qh3+ Kc7 39. Nb5+ 1-0

[Event "C.to Europeo U18 femminile"]
[Site "Fermo ITA"]
[Date "2009.09.01"]
[Round "2"]
[White "Iordanidou, Zoi"]
[Black "Dudas, Eszter"]
[Result "0-1"]
[WhiteElo "2115"]
[BlackElo "2141"]
[PlyCount "66"]
[EventDate "2009.08.31"]

1. e4 e6 2. d3 d5 3. Nd2 Nf6 4. Ngf3 b6 5. exd5 exd5 6. Be2 Bd6 7. O-O O-O 8.
Re1 c5 9. Nf1 h6 10. d4 Nc6 11. c3 Qc7 12. Be3 Bf5 13. Nh4 Be6 14. Qd3 Ne7 15.
g3 c4 16. Qd2 Ne4 17. Qc1 Nf5 18. Ng2 Nxe3 19. Nfxe3 f5 20. f4 g5 21. Rf1 Kh8
22. Kh1 Rf6 23. Nc2 Qg7 24. Nce1 Rg8 25. Qe3 Rg6 26. Rg1 Bc8 27. Bd1 Re6 28.
Rf1 Qc7 29. Qf3 Nd2 30. Qf2 Nxf1 31. Qxf1 gxf4 32. gxf4 Bxf4 33. Nxf4 Qxf4 0-1

[Event "C.to Europeo U18 femminile"]
[Site "Fermo ITA"]
[Date "2009.09.01"]
[Round "2"]
[White "Jussupow, Ekaterina"]
[Black "Braggaar, Leonore"]
[Result "0-1"]
[WhiteElo "2179"]
[BlackElo "2043"]
[PlyCount "146"]
[EventDate "2009.08.31"]

1. e4 e5 2. Nf3 Nc6 3. d4 exd4 4. Nxd4 Bc5 5. Be3 Qf6 6. c3 Nge7 7. g3 d6 8.
Bg2 Bb6 9. O-O Bd7 10. Na3 O-O 11. Nc4 Qg6 12. Qb3 Rae8 13. f4 Kh8 14. Nxb6
axb6 15. Rad1 f5 16. Qc2 Qf7 17. Nb5 Nb4 18. Qe2 Na6 19. e5 d5 20. b4 Rd8 21.
Rd2 Be6 22. Rfd1 Rd7 23. a3 Rfd8 24. Bf3 Nb8 25. a4 Nbc6 26. Ra1 Ra8 27. Qd1
Nc8 28. Kh1 N6e7 29. Nd4 c6 30. Bg2 Ng6 31. Nxe6 Qxe6 32. c4 Nge7 33. Ra3 b5
34. cxb5 cxb5 35. a5 Na7 36. Rad3 Nac6 37. Bc5 Rad8 38. Qb3 h6 39. Re3 Rc8 40.
h3 Nxa5 41. Qd3 Nc4 42. Ree2 Nxd2 43. Rxd2 Qc6 44. Ra2 Rcd8 45. Rc2 Qa6 46. Bd4
Qa4 47. Rc5 Qxb4 48. Rxb5 Qe1+ 49. Kh2 Rc8 50. Bb2 Rdc7 51. Qd4 Qe2 52. e6 Rg8
53. Qe5 Qxb5 54. Qxc7 Qxb2 55. Qxe7 Qb5 56. Qd6 Re8 57. Bxd5 Qe2+ 58. Bg2 b5
59. Qc5 Rxe6 60. Qf8+ Kh7 61. Qxf5+ Kg8 62. Qd5 Kh8 63. Qc5 Re8 64. h4 Qc4 65.
Qf5 b4 66. Bd5 Qc8 67. Qd3 Qc3 68. Qb5 Rd8 69. Be4 Qd2+ 70. Kh3 Qd7+ 71. Qxd7
Rxd7 72. Kg2 b3 73. f5 b2 0-1

[Event "C.to Europeo U18 femminile"]
[Site "Fermo ITA"]
[Date "2009.09.01"]
[Round "2"]
[White "Kulon, Klaudia"]
[Black "Richard, Emma"]
[Result "0-1"]
[WhiteElo "2251"]
[BlackElo "2091"]
[PlyCount "71"]
[EventDate "2009.08.31"]

1. e4 c5 2. Nf3 Nc6 3. Bb5 d6 4. O-O Bd7 5. Re1 a6 6. Bf1 Nf6 7. c3 Bg4 8. d3
e6 9. Nbd2 Be7 10. h3 Bh5 11. g4 Bg6 12. Nh4 Qc7 13. f4 Nd7 14. Ndf3 f6 15. d4
cxd4 16. cxd4 Bf7 17. Be3 Nb6 18. Kh1 d5 19. Bg1 dxe4 20. Rxe4 O-O-O 21. Rc1
Kb8 22. Qc2 Nd5 23. a3 Rc8 24. f5 Qd7 25. Qe2 exf5 26. Nxf5 Bd8 27. Bh2+ Bc7
28. b4 h5 29. Ng3 hxg4 30. Rxg4 Be6 31. Rg6 Nf4 32. Qc2 Nxg6 33. Qxg6 Bd5 34.
Qd3 Rxh3 35. Bxh3 Qxh3 36. Qf1 0-1

[Event "C.to Europeo U18 femminile"]
[Site "Fermo ITA"]
[Date "2009.09.01"]
[Round "2"]
[White "Labedz, Patrycja"]
[Black "Andrenko, Irina"]
[Result "1/2-1/2"]
[WhiteElo "2044"]
[BlackElo "2184"]
[PlyCount "53"]
[EventDate "2009.08.31"]

1. d4 Nf6 2. Nf3 g6 3. c4 Bg7 4. g3 O-O 5. Bg2 d6 6. Nc3 Nbd7 7. O-O c6 8. e4
e5 9. h3 exd4 10. Nxd4 Qb6 11. Nc2 Ne5 12. Be3 Qa5 13. b4 Qc7 14. Qe2 a5 15.
Na4 Nxc4 16. Qxc4 b5 17. Bb6 Qb7 18. Qd3 axb4 19. Qxd6 Rxa4 20. Bd4 Be6 21.
Nxb4 Rc8 22. Rfc1 Ne8 23. Qc5 Bf8 24. Qe5 Bg7 25. Qc5 Bf8 26. Qe5 Bg7 27. Qc5
1/2-1/2

[Event "C.to Europeo U18 femminile"]
[Site "Fermo ITA"]
[Date "2009.09.01"]
[Round "2"]
[White "Landl, Margot"]
[Black "Goossens, Hanne"]
[Result "0-1"]
[WhiteElo "1771"]
[BlackElo "1963"]
[PlyCount "98"]
[EventDate "2009.08.31"]

1. e4 c5 2. Nf3 d6 3. d4 cxd4 4. Nxd4 Nf6 5. Nc3 g6 6. Be3 Bg7 7. f3 O-O 8. Qd2
Nc6 9. g4 Nxd4 10. Bxd4 Be6 11. Nd5 Bxd5 12. exd5 Nd7 13. Bxg7 Kxg7 14. O-O-O
Rc8 15. h4 h6 16. Rh2 Rc5 17. h5 g5 18. f4 gxf4 19. Qxf4 f6 20. Qe4 Ne5 21. Kb1
a5 22. Bd3 Rh8 23. a4 Qg8 24. Bb5 Qh7 25. Qxh7+ Kxh7 26. Rg2 Rg8 27. Bd3+ Nxd3
28. Rxd3 f5 29. Re2 fxg4 30. Rxe7+ Rg7 31. Rxg7+ Kxg7 32. Rg3 Rc4 33. b3 Rf4
34. Kc1 Kf6 35. Kd2 Kg5 36. Ke3 Rb4 37. Kf2 Rd4 38. c4 Kf4 39. Rc3 b6 40. Ke2
Re4+ 41. Kf2 Kg5 42. Re3 Rxe3 43. Kxe3 Kh4 44. Kf2 Kh3 45. b4 g3+ 46. Kf1 g2+
47. Kg1 axb4 48. c5 bxc5 49. a5 b3 0-1

[Event "C.to Europeo U18 femminile"]
[Site "Fermo ITA"]
[Date "2009.09.01"]
[Round "2"]
[White "Lisac, Tihana"]
[Black "Zvarikova, Alexandra"]
[Result "0-1"]
[WhiteElo "1788"]
[BlackElo "1984"]
[PlyCount "34"]
[EventDate "2009.08.31"]

1. e4 e5 2. Nf3 Nc6 3. d4 exd4 4. Nxd4 Nf6 5. Nc3 Bb4 6. Nxc6 bxc6 7. Bd3 d5 8.
exd5 cxd5 9. O-O O-O 10. Bg5 c6 11. Qf3 Be7 12. h3 Qe8 13. Rfe1 Be6 14. Ne2 c5
15. Nf4 c4 16. Nxe6 fxe6 17. Bf1 Ne4 0-1

[Event "C.to Europeo U18 femminile"]
[Site "Fermo ITA"]
[Date "2009.09.01"]
[Round "2"]
[White "Milcova, Zuzana"]
[Black "Manelidou, Maria"]
[Result "1-0"]
[WhiteElo "1833"]
[BlackElo "2008"]
[PlyCount "53"]
[EventDate "2009.08.31"]

1. e4 e5 2. Nf3 Nc6 3. d4 exd4 4. Nxd4 g6 5. Nxc6 bxc6 6. Bd3 Bg7 7. Nc3 Ne7 8.
O-O O-O 9. Re1 h6 10. Bf4 d6 11. Qd2 Kh7 12. Rad1 Be6 13. b3 Qd7 14. Ne2 c5 15.
Ng3 a5 16. h4 a4 17. h5 axb3 18. axb3 Ra2 19. e5 Bxb3 20. exd6 Nd5 21. hxg6+
fxg6 22. Bxg6+ Kh8 23. Be5 Kg8 24. Qd3 Bxe5 25. Qxb3 Bxg3 26. Qxd5+ Kh8 27.
fxg3 1-0

[Event "C.to Europeo U18 femminile"]
[Site "Fermo ITA"]
[Date "2009.09.01"]
[Round "2"]
[White "Ni, Viktorija"]
[Black "Vojinovic, Jovana"]
[Result "0-1"]
[WhiteElo "2151"]
[BlackElo "2341"]
[PlyCount "80"]
[EventDate "2009.08.31"]

1. d4 Nf6 2. c4 g6 3. Nc3 Bg7 4. e4 d6 5. Nf3 O-O 6. Be2 Na6 7. Bg5 h6 8. Be3
Ng4 9. Qd2 Nxe3 10. Qxe3 c5 11. O-O Nb4 12. Rac1 cxd4 13. Nxd4 Qb6 14. Rfd1 Nc6
15. Nxc6 bxc6 16. c5 Qb8 17. Bc4 Kh7 18. Qg3 Be5 19. f4 Bg7 20. b3 Qb4 21. Na4
f5 22. Re1 fxe4 23. cxd6 exd6 24. Bf1 c5 25. Rc4 Bd4+ 26. Kh1 Qb7 27. f5 Rxf5
28. Qxd6 Qd7 29. Qxd7+ Bxd7 30. g4 Re5 31. Bg2 Rae8 32. h3 Bb5 33. Rc2 Bd3 34.
Rd2 Bb5 35. Rc2 e3 36. Nc3 Bd3 37. Rcc1 e2 38. Bc6 Rf8 39. Kg2 Rf2+ 40. Kh1
Rf1+ 0-1

[Event "C.to Europeo U18 femminile"]
[Site "Fermo ITA"]
[Date "2009.09.01"]
[Round "2"]
[White "Olsarova, Tereza"]
[Black "Repina, Varvara"]
[Result "0-1"]
[WhiteElo "2127"]
[BlackElo "2264"]
[PlyCount "76"]
[EventDate "2009.08.31"]

1. e4 c5 2. Nf3 d6 3. d4 cxd4 4. Nxd4 Nf6 5. Nc3 a6 6. Bc4 e6 7. Bb3 Nbd7 8.
Bg5 Qa5 9. Qd2 Be7 10. O-O-O Nc5 11. Rhe1 O-O 12. Kb1 Qc7 13. f4 h6 14. Bxf6
Bxf6 15. g4 b5 16. g5 hxg5 17. fxg5 Be5 18. Nf3 Bb7 19. Nxe5 dxe5 20. Qg2 Bc6
21. g6 fxg6 22. Qxg6 Rf6 23. Qg1 Qe7 24. Qe3 a5 25. a3 b4 26. axb4 axb4 27. Na2
Bxe4 28. Nxb4 Nxb3 29. Qxb3 Qa7 30. Qa2 Qf2 31. Qc4 Bf3 32. Rc1 Qa7 33. Qa2 Qe7
34. Qb3 Rf4 35. Rxe5 Rxb4 36. Qxf3 Qa7 37. c4 Qa1+ 38. Kc2 Qxb2+ 0-1

[Event "C.to Europeo U18 femminile"]
[Site "Fermo ITA"]
[Date "2009.09.01"]
[Round "2"]
[White "Ozturk, Kubra"]
[Black "Semenova, Elena"]
[Result "1/2-1/2"]
[WhiteElo "2256"]
[BlackElo "2115"]
[PlyCount "124"]
[EventDate "2009.08.31"]

1. d4 d5 2. Nf3 Nf6 3. c4 c6 4. e3 e6 5. Nbd2 Nbd7 6. Qc2 Bd6 7. e4 dxe4 8.
Nxe4 Nxe4 9. Qxe4 c5 10. Bd2 Nf6 11. Qh4 b6 12. Be2 Bb7 13. Bf4 cxd4 14. O-O-O
Ne4 15. Bxd6 Qxh4 16. Nxh4 Nxd6 17. Rxd4 Ke7 18. Rhd1 Rhd8 19. f4 Rac8 20. a4
a6 21. Kb1 Be4+ 22. Ka2 h6 23. b3 g5 24. fxg5 e5 25. R4d2 hxg5 26. Nf3 f6 27.
Ne1 a5 28. Bg4 Nf5 29. Rxd8 Rxd8 30. Rxd8 Kxd8 31. Bxf5 Bxf5 32. Kb2 Kc7 33.
Kc3 Kd6 34. b4 Bd7 35. b5 Bf5 36. g3 Be4 37. h4 gxh4 38. gxh4 f5 39. h5 f4 40.
h6 Bh7 41. Nf3 e4 42. Ng5 f3 43. Kd2 Bg6 44. Ke3 Kc5 45. Nf7 Bh7 46. Ne5 Kd6
47. Ng4 Ke6 48. c5 bxc5 49. Nf6 c4 50. Nxh7 c3 51. Ng5+ Kf5 52. Nxe4 c2 53.
Ng3+ Kg4 54. Kd2 Kxg3 55. Kxc2 f2 56. h7 f1=Q 57. h8=Q Qe2+ 58. Kb3 Qd1+ 59.
Ka3 Qd6+ 60. Ka2 Qd5+ 61. Kb2 Qd2+ 62. Ka1 Qd1+ 1/2-1/2

[Event "C.to Europeo U18 femminile"]
[Site "Fermo ITA"]
[Date "2009.09.01"]
[Round "2"]
[White "Reginato, Sabrina"]
[Black "Hortensius, Lisa"]
[Result "0-1"]
[WhiteElo "1880"]
[BlackElo "2033"]
[PlyCount "178"]
[EventDate "2009.08.31"]

1. d4 e6 2. Nf3 d5 3. e3 Nf6 4. Bd3 Bd6 5. Nbd2 O-O 6. O-O c5 7. c3 Nbd7 8. Qe2
Qc7 9. c4 cxd4 10. exd4 dxc4 11. Nxc4 Nb6 12. Nce5 Nbd5 13. Bg5 Bd7 14. Rfc1
Qd8 15. a3 h6 16. Bd2 Qe7 17. Rc2 Ba4 18. Rcc1 Rac8 19. h3 Rfd8 20. Nh2 Bc7 21.
Nhg4 Nxg4 22. Qxg4 Nf6 23. Qg3 Kh8 24. Bb4 Qe8 25. Qh4 Kg8 26. Re1 Bb6 27. Nf3
Qd7 28. Bc3 Bc6 29. Ne5 Qd5 30. Nf3 Qh5 31. Qxh5 Nxh5 32. Rad1 Bxf3 33. gxf3
Nf4 34. Bf1 Nd5 35. Rd3 Rd7 36. Red1 Nxc3 37. bxc3 Rdc7 38. Bg2 Rxc3 39. f4
Rxd3 40. Rxd3 Rc7 41. Be4 Rd7 42. Kg2 Kf8 43. a4 Ke7 44. d5 Bc5 45. dxe6 Rxd3
46. Bxd3 Kxe6 47. Be4 b6 48. Kg3 Bd4 49. Bc2 Kd6 50. Bb3 f5 51. f3 Be3 52. Bf7
Kc5 53. Kh4 Bxf4 54. Kh5 Kb4 55. Be8 a6 56. Kg6 Be5 57. Kxf5 Bf6 58. Ke4 b5 59.
axb5 axb5 60. Kd3 Kc5 61. Kc2 Kc4 62. Bd7 b4 63. Be6+ Kd4 64. Kb3 Be7 65. Bg4
Ke3 66. h4 Kf4 67. h5 Kg5 68. Kc4 g6 69. hxg6 Kxg6 70. f4 Bd6 71. Kb3 h5 72.
Bh3 Kf6 73. Kc4 Ke7 74. Bf5 h4 75. Bh3 Kd8 76. Be6 Kc7 77. Kb5 Be7 78. Kc4 Kd6
79. Bg4 Kc6 80. Be6 Kb6 81. Bd7 Ka5 82. f5 Bf6 83. Kb3 h3 84. Bc6 Kb6 85. Bh1
Kc5 86. Bf3 Be7 87. Bh1 Kd4 88. f6 Bf8 89. f7 Ke3 0-1

[Event "C.to Europeo U18 femminile"]
[Site "Fermo ITA"]
[Date "2009.09.01"]
[Round "2"]
[White "Sargsyan, Shushanna"]
[Black "Boric, Masa"]
[Result "1-0"]
[WhiteElo "1916"]
[BlackElo "1671"]
[PlyCount "79"]
[EventDate "2009.08.31"]

1. d4 f5 2. g3 d5 3. Nf3 e6 4. Bg2 Nf6 5. c4 c6 6. O-O Bd6 7. b3 O-O 8. Ba3
Bxa3 9. Nxa3 Nbd7 10. e3 Qe7 11. Nc2 Ne4 12. Qd3 Ng5 13. Nce1 Nxf3+ 14. Nxf3
Nf6 15. Ne5 Bd7 16. a3 Ng4 17. Nf3 Be8 18. b4 Bg6 19. Qb3 Bf7 20. cxd5 cxd5 21.
Rfc1 Rac8 22. Rc3 Qd7 23. Rac1 Rxc3 24. Qxc3 Rd8 25. Qc7 g6 26. h3 Nf6 27. Ne5
Qxc7 28. Rxc7 Be8 29. Rxb7 Ra8 30. Re7 a5 31. Rxe6 axb4 32. axb4 Kg7 33. Rb6
Ra1+ 34. Bf1 Ne4 35. Kg2 Ra2 36. Nd3 g5 37. b5 Ra3 38. Rb8 Kf7 39. Ne5+ Ke7 40.
Rb7+ 1-0

[Event "C.to Europeo U18 femminile"]
[Site "Fermo ITA"]
[Date "2009.09.01"]
[Round "2"]
[White "Savina, Anastasia"]
[Black "Guadamuro Torrente, Anabel"]
[Result "1/2-1/2"]
[WhiteElo "2382"]
[BlackElo "2136"]
[PlyCount "94"]
[EventDate "2009.08.31"]

1. d4 d5 2. c4 c6 3. Nc3 Nf6 4. e3 a6 5. Nf3 b5 6. b3 Bg4 7. Be2 e6 8. O-O Nbd7
9. h3 Bh5 10. Bb2 Bd6 11. Ne5 Bxe2 12. Nxe2 bxc4 13. bxc4 O-O 14. Qc2 Qc7 15.
Nxd7 Nxd7 16. Rfc1 Rfc8 17. Rab1 Rab8 18. c5 Be7 19. Bc3 Rxb1 20. Rxb1 Rb8 21.
Rxb8+ Qxb8 22. Nc1 e5 23. Qb3 exd4 24. Qxb8+ Nxb8 25. exd4 Kf8 26. Nb3 Bd8 27.
Ba5 Bf6 28. Kf1 Ke8 29. Bc7 Nd7 30. Ke2 Nf8 31. Kd3 Ne6 32. Bh2 Kd7 33. f4 g6
34. Ke3 h5 35. g4 hxg4 36. hxg4 Bg7 37. Bg3 f5 38. g5 Bh8 39. Bf2 Bg7 40. Kf3
Bh8 41. Be3 Bg7 42. Ke2 Bh8 43. Kd3 Bg7 44. a4 Bh8 45. Nd2 Bg7 46. Nf3 Bh8 47.
Nh4 Nf8 1/2-1/2

[Event "C.to Europeo U18 femminile"]
[Site "Fermo ITA"]
[Date "2009.09.01"]
[Round "2"]
[White "Skinke, Katrina"]
[Black "Tanacs, Anna"]
[Result "1-0"]
[WhiteElo "2200"]
[BlackElo "2073"]
[PlyCount "53"]
[EventDate "2009.08.31"]

1. e4 c6 2. d4 d5 3. Nc3 dxe4 4. Nxe4 Bf5 5. Ng3 Bg6 6. h4 h6 7. Nf3 Nd7 8. Bd3
Bxd3 9. Qxd3 e6 10. Bd2 Ngf6 11. O-O-O Qc7 12. c4 O-O-O 13. Bc3 Bd6 14. Ne4
Nxe4 15. Qxe4 Nf6 16. Qe2 Rhe8 17. Kb1 Qe7 18. a3 c5 19. Qc2 cxd4 20. Nxd4 Bc5
21. Nb3 Ng4 22. Rdf1 Bd6 23. c5 Bc7 24. c6 Nf6 25. Bb4 Bd6 26. cxb7+ Kxb7 27.
Na5+ 1-0

[Event "C.to Europeo U18 femminile"]
[Site "Fermo ITA"]
[Date "2009.09.01"]
[Round "2"]
[White "Thilaganathan, Jessica"]
[Black "Van Orsouw, Svenja"]
[Result "1/2-1/2"]
[WhiteElo "1899"]
[BlackElo "1781"]
[PlyCount "100"]
[EventDate "2009.08.31"]

1. d4 Nf6 2. c4 c5 3. d5 b5 4. cxb5 a6 5. bxa6 Bxa6 6. Nc3 g6 7. g3 d6 8. Bg2
Bg7 9. Qc2 Nbd7 10. Rb1 O-O 11. Nh3 Qa5 12. O-O Rfb8 13. Bd2 Ne5 14. b3 Qa3 15.
Rfe1 c4 16. Qc1 Qxc1 17. Rexc1 cxb3 18. axb3 Nfd7 19. f3 Nb6 20. Nf2 h5 21. h3
Ned7 22. Nfd1 Bb7 23. f4 Ra3 24. Be3 Rc8 25. Nb5 Rxc1 26. Bxc1 Ra5 27. Nbc3 Rc5
28. Bd2 Bd4+ 29. e3 Bg7 30. e4 Bd4+ 31. Kh2 Rc7 32. Bf1 f5 33. Bg2 Ba6 34. exf5
gxf5 35. b4 Bd3 36. Rc1 Nc4 37. Be1 Rb7 38. Bf2 Bf6 39. Be1 Rxb4 40. Nf2 Nb2
41. Ncd1 Rb3 42. Nxb2 Bxb2 43. Rc7 Bb5 44. Rc2 Nc5 45. Nd1 Bf6 46. Bc3 Kf7 47.
Bxf6 Kxf6 48. Rb2 Rxb2 49. Nxb2 Be2 50. Kg1 Bd3 1/2-1/2

[Event "C.to Europeo U18 femminile"]
[Site "Fermo ITA"]
[Date "2009.09.01"]
[Round "2"]
[White "Uta, Adeline-Ramona"]
[Black "Mammadova, Gulnar Marfat Qizi"]
[Result "0-1"]
[WhiteElo "2076"]
[BlackElo "2209"]
[PlyCount "56"]
[EventDate "2009.08.31"]

1. e4 d6 2. d4 g6 3. Nc3 Nf6 4. f4 Bg7 5. Nf3 c5 6. dxc5 Qa5 7. Bd3 Qxc5 8. Qe2
Bg4 9. Be3 Qa5 10. O-O Nc6 11. h3 Bxf3 12. Qxf3 O-O 13. a3 Nd7 14. Qg4 e6 15.
f5 Nde5 16. Qh4 Nxd3 17. cxd3 exf5 18. exf5 Rae8 19. Bh6 f6 20. Bxg7 Kxg7 21.
d4 Qb6 22. Qf2 Qd8 23. Nd5 Qa5 24. Qf3 Rf7 25. b4 Qd8 26. Nf4 Ne7 27. d5 gxf5
28. Nh5+ Kh8 0-1

[Event "C.to Europeo U18 femminile"]
[Site "Fermo ITA"]
[Date "2009.09.01"]
[Round "2"]
[White "Wierzbicka, Wiktoria"]
[Black "Korchagina, Viktoria"]
[Result "1-0"]
[WhiteElo "2037"]
[BlackElo "2166"]
[PlyCount "123"]
[EventDate "2009.08.31"]

1. e4 c5 2. Nf3 d6 3. d4 cxd4 4. Nxd4 Nf6 5. Nc3 a6 6. Bc4 e6 7. Bb3 Nbd7 8.
Bg5 Qa5 9. Qd2 Be7 10. O-O Nc5 11. f3 Nxb3 12. axb3 Qc7 13. Ndb5 Qc5+ 14. Be3
Qc6 15. Rfd1 O-O 16. Nxd6 Rd8 17. Nxc8 Raxc8 18. Qf2 Bb4 19. Na4 h6 20. c3 Bd6
21. Nb6 Rb8 22. Nc4 Bc7 23. Bd4 b5 24. Na5 Qa8 25. b4 Nd7 26. Qh4 Ne5 27. Bxe5
Bxe5 28. Rxd8+ Rxd8 29. f4 Bf6 30. Qe1 Qa7+ 31. Kh1 Qd7 32. e5 Be7 33. Nb3 g5
34. fxg5 Bxg5 35. h4 Bf4 36. Qe2 f5 37. exf6 e5 38. Nc5 Qf5 39. Ne4 Kh8 40. g3
Qh3+ 41. Qh2 Qf5 42. gxf4 Qxe4+ 43. Qg2 Qxg2+ 44. Kxg2 exf4 45. Rxa6 Kg8 46.
Kf3 Rd2 47. Kxf4 Rxb2 48. Kf5 Rg2 49. Ra8+ Kf7 50. Ra7+ Kf8 51. Rb7 Rg3 52.
Rxb5 Rxc3 53. Rb8+ Kf7 54. Rb7+ Kf8 55. Kg6 Rg3+ 56. Kxh6 Rf3 57. Kg5 Rg3+ 58.
Kf4 Rh3 59. Kg4 Rh1 60. h5 Rg1+ 61. Kf5 Rh1 62. b5 1-0

[Event "C.to Europeo U18 femminile"]
[Site "Fermo ITA"]
[Date "2009.09.01"]
[Round "2"]
[White "Zier, Verena"]
[Black "Kosturska, Yoana"]
[Result "1/2-1/2"]
[WhiteElo "1982"]
[BlackElo "1849"]
[PlyCount "57"]
[EventDate "2009.08.31"]

1. d4 b5 2. e4 Bb7 3. Bd3 a6 4. Nf3 e6 5. O-O Nf6 6. Qe2 Be7 7. c3 O-O 8. Bg5
d6 9. Rd1 Nbd7 10. Bc2 Re8 11. Nbd2 c5 12. Nf1 Qc7 13. Rd2 Nb6 14. b3 c4 15. b4
a5 16. Rb1 Qc6 17. Bxf6 Bxf6 18. a3 axb4 19. axb4 Ra3 20. Qe3 Rea8 21. Ng3 Nd7
22. Rdd1 e5 23. d5 Qa6 24. Rb2 Bd8 25. Nf5 Bc8 26. h3 Nf6 27. Ng3 h6 28. Qd2
Nd7 29. Rc1 1/2-1/2

[Event "C.to Europeo U18 femminile"]
[Site "Fermo ITA"]
[Date "2009.09.02"]
[Round "3"]
[White "Braggaar, Leonore"]
[Black "Savina, Anastasia"]
[Result "0-1"]
[WhiteElo "2043"]
[BlackElo "2382"]
[PlyCount "106"]
[EventDate "2009.08.31"]

1. e4 c5 2. Nf3 Nc6 3. d4 cxd4 4. Nxd4 Nf6 5. Nc3 e6 6. Ndb5 d6 7. Bf4 e5 8.
Bg5 a6 9. Na3 b5 10. Nd5 Be7 11. Bxf6 Bxf6 12. c3 O-O 13. Nc2 Rb8 14. h4 Be7
15. Nce3 Be6 16. g3 Qd7 17. Bg2 Bd8 18. Qd2 a5 19. O-O Ne7 20. Rfd1 Nxd5 21.
Nxd5 Qa7 22. Ne3 Bb6 23. Qxd6 Rbd8 24. Qxe5 Bxe3 25. fxe3 Qxe3+ 26. Kh2 Rxd1
27. Rxd1 Qe2 28. Qd4 Qxb2 29. Rd2 Qa3 30. Bf1 b4 31. cxb4 axb4 32. Bc4 Bxc4 33.
Qxc4 h6 34. Qd4 Rc8 35. e5 Qc3 36. Qd7 Rc7 37. Qd5 Qe3 38. Qd6 Rc3 39. Rg2 Qe4
40. Qe7 Rf3 41. Qc7 Rf5 42. Qc8+ Kh7 43. e6 fxe6 44. Qa6 Rc5 45. Qe2 Qd5 46.
Qb2 Rc4 47. Rf2 e5 48. Rf5 Rd4 49. Qb1 Rd2+ 50. Kh3 g6 51. Rf6 Qg2+ 52. Kg4
Rd4+ 53. Rf4 Rxf4# 0-1

[Event "C.to Europeo U18 femminile"]
[Site "Fermo ITA"]
[Date "2009.09.02"]
[Round "3"]
[White "Helgadottir, Sigridur Bjorg"]
[Black "Iordanidou, Zoi"]
[Result "0-1"]
[WhiteElo "1712"]
[BlackElo "2115"]
[PlyCount "62"]
[EventDate "2009.08.31"]

1. c4 e5 2. g3 Nc6 3. Bg2 g6 4. Nc3 Bg7 5. Rb1 a5 6. e3 Nge7 7. Nge2 d6 8. a3
O-O 9. O-O Be6 10. Nd5 Qd7 11. Re1 f5 12. d3 Rf7 13. b4 axb4 14. axb4 Raf8 15.
b5 Nd8 16. b6 c6 17. Nc7 f4 18. exf4 Bh3 19. Bh1 g5 20. f5 Qxf5 21. Be3 Qg6 22.
Qd2 h6 23. Be4 Qh5 24. d4 Nf5 25. dxe5 Nxe3 26. fxe3 Rf2 27. e6 Bxe6 28. Bg2
Rxg2+ 29. Kxg2 Qf3+ 30. Kg1 Qf2+ 31. Kh1 Bg4 0-1

[Event "C.to Europeo U18 femminile"]
[Site "Fermo ITA"]
[Date "2009.09.02"]
[Round "3"]
[White "Kaya, Emel"]
[Black "Lisac, Tihana"]
[Result "1-0"]
[WhiteElo "1909"]
[BlackElo "1788"]
[PlyCount "101"]
[EventDate "2009.08.31"]

1. e4 c5 2. Nf3 Nc6 3. Bb5 e6 4. O-O Nge7 5. Nc3 a6 6. Bxc6 Nxc6 7. d4 cxd4 8.
Nxd4 Be7 9. Be3 Qc7 10. a4 b6 11. Nxc6 Qxc6 12. Qd4 Bf6 13. Qxb6 Qxb6 14. Bxb6
Bxc3 15. bxc3 d6 16. Rfd1 Bb7 17. Rxd6 Bxe4 18. c4 Ke7 19. c5 Rhc8 20. c4 Bc6
21. a5 Be4 22. Rad1 Bc6 23. f3 Rab8 24. Kf2 Rb7 25. Ke3 Rbb8 26. g4 Rb7 27. g5
Rd7 28. R1d4 Ba4 29. Rxd7+ Bxd7 30. Rh4 Rh8 31. Bc7 f6 32. g6 h6 33. Bd6+ Ke8
34. Rd4 e5 35. Rd2 Bc6 36. Bc7 Ke7 37. Rd6 Bb7 38. Rb6 Bc8 39. Ke4 Kd7 40. Bd6
Rd8 41. Kd5 Ke8 42. c6 Bf5 43. Rb7 Bxg6 44. Re7+ Kf8 45. c7 Rc8 46. Ke6 Bd3 47.
Rf7+ Kg8 48. Rd7 Bf1 49. Rd8+ Kh7 50. Rxc8 Bh3+ 51. Ke7 1-0

[Event "C.to Europeo U18 femminile"]
[Site "Fermo ITA"]
[Date "2009.09.02"]
[Round "3"]
[White "Manelidou, Maria"]
[Black "Narva, Ann"]
[Result "1-0"]
[WhiteElo "2008"]
[BlackElo "1689"]
[PlyCount "55"]
[EventDate "2009.08.31"]

1. e4 c5 2. Nf3 d6 3. d4 cxd4 4. Nxd4 Nf6 5. f3 Nc6 6. c4 Qb6 7. Nc2 g6 8. Nc3
Bg7 9. Rb1 Qd8 10. Be3 O-O 11. Be2 Be6 12. Nd4 Nxd4 13. Bxd4 a6 14. O-O Rc8 15.
b3 Nd7 16. Bxg7 Kxg7 17. Rc1 Qb6+ 18. Kh1 Ne5 19. f4 Nc6 20. f5 Bd7 21. f6+ Kh8
22. Nd5 Qd8 23. fxe7 Qe8 24. exf8=Q+ Qxf8 25. Nb6 Rd8 26. Nxd7 Rxd7 27. Bg4 Rd8
28. Qd5 1-0

[Event "C.to Europeo U18 femminile"]
[Site "Fermo ITA"]
[Date "2009.09.02"]
[Round "3"]
[White "Officer, Amy"]
[Black "Landl, Margot"]
[Result "1/2-1/2"]
[WhiteElo "1823"]
[BlackElo "1771"]
[PlyCount "40"]
[EventDate "2009.08.31"]

1. e4 c6 2. d4 d5 3. e5 c5 4. c3 Nc6 5. Nf3 cxd4 6. cxd4 Bg4 7. Be2 Qb6 8. Nc3
Bxf3 9. Bxf3 e6 10. Ne2 Bb4+ 11. Kf1 Qb5 12. g3 Nge7 13. Kg2 Nf5 14. Rf1 Ba5
15. Rb1 Bb6 16. Be3 Qc4 17. b3 Qb4 18. Bd2 Qe7 19. Be3 Qb4 20. Bd2 Qe7 1/2-1/2

[Event "C.to Europeo U18 femminile"]
[Site "Fermo ITA"]
[Date "2009.09.02"]
[Round "3"]
[White "Repina, Varvara"]
[Black "Skinke, Katrina"]
[Result "1-0"]
[WhiteElo "2264"]
[BlackElo "2200"]
[PlyCount "55"]
[EventDate "2009.08.31"]

1. e4 d6 2. d4 Nf6 3. Nc3 g6 4. Be3 c6 5. h3 Nbd7 6. g4 e5 7. Bg2 Bg7 8. Nge2
h5 9. g5 Nh7 10. h4 Qc7 11. f4 Nb6 12. Qd3 exf4 13. Bxf4 Bg4 14. a4 a6 15. a5
Nc8 16. e5 Qe7 17. d5 c5 18. e6 Bf5 19. Be4 fxe6 20. dxe6 O-O 21. O-O-O Qd8 22.
Qc4 Kh8 23. Bxb7 Rb8 24. Bxc8 Qxc8 25. e7 Re8 26. Bxd6 Rxe7 27. Bxe7 Qb7 28.
Qb3 1-0